000 00573nmm a2200193Ia 4500
008 251105s9999||||xx |||||||||||||||||und||
020 _a9788416800018
041 _aspa
100 _aNin, Anaïs
245 0 _aDiarios amorosos :
_b Incesto (1932-1934) / Fuego (1934-1937)
264 _a[Madrid, España] :
_bSiruela,
_c2014
300 _a768 páginas
490 _aLibros del Tiempo
650 _aBiography
700 _aNin, Anaïs
700 1 _a Fernández-Villanueva Cencio, José Luis
856 _uhttps://public.digitaliapublishing.com/a/31678
942 _cCF
999 _c69366
_d69366